Normal view
MARC view
Entry Personal Name
001 - CONTROL NUMBER
- control field: 8509
003 - CONTROL NUMBER IDENTIFIER
- control field: OSt
005 - DATE AND TIME OF LATEST TRANSACTION
- control field: 20160505183806.0
008 - FIXED-LENGTH DATA ELEMENTS
- fixed length control field: 160505|| aca||aabn | a|a d
040 ## - CATALOGING SOURCE
- Original cataloging agency: OSt
- Transcribing agency: OSt
100 ## - HEADING--PERSONAL NAME
- Personal name: Reddy, K. Hussain
670 ## - SOURCE DATA FOUND
- Source citation: Work cat.: (OSt): Reddy, K. Hussain , Bioinorganic chemistry /, 2003
